Statistiken für Berühmte Ukrainer

Klicken Sie hier um das Quiz zu spielen!

Allgemein

  • Dieses Quiz wurde 59 mal gespielt
  • Das Durchschnittsergebnis liegt bei 5 aus 20

Antwortstatistiken

HintAntwort% Korrekt
Weltmeister im Schwergewichtsboxen, amtierender Bürgermeister von Kiew, Bruder Wladimir war ebenfalls BoxweltmeisterVitali Klitschko
100%
Schauspielerin: Jackie in Die wilden Siebziger, Meg in Family Guy, Lily in Black Swan, verheiratet mit Ashton KutcherMila Kunis
52%
Gründer und Organisator der Roten Armee im Russischen Bürgerkrieg, im mexikanischen Exil ermordetLeo Trotzki
38%
Fußballspieler und Trainer: Stürmer bei AC Milan (99-06), Chelsea (06-09), aktueller Trainer der Ukrainischen NationalmannschaftAndrij Schewtschenko
37%
Generalsekretär der Kommunistischen Partei der Sowjetunion von 1964 bis 1982, Staatsoberhaupt von 1977 bis 1982Leonid Iljitsch Breschnew
35%
Außenministerin Israels von 56-65 und Ministerpräsidentin von 69-74Golda Meir
31%
Stabhochspringer, hielt bis dieses Jahr den Weltrekord, Olympiasieger 88, 6x Weltmeister, 4x HallenweltmeisterSerhij Bubka
23%
Schauspielerin: Leeloo in das Fünfte Element, Alice in der Resident Evil Filmreihe, Katinka in ZoolanderMilla Jovovich
21%
Komponist: Peter und der Wolf, Romeo und Julia, Alexander Newski SuiteSergei Prokofjew
19%
Pro-Europäische Ministerpräsidentin von 2007-2010, inhaftiert von 2011 bis 2014Julija Tymoschenko
15%
Schauspielerin: Camille in James Bond - Ein Quantum Trost,Olga Kurylenko
15%
Schriftsteller: Hiob, Radetzkymarsch, Die KapuzinergruftJoseph Roth
13%
Schriftsteller: Venus im Pelz, Don Juan von Kolomea; Namensgeber eines Fetisches für Erniedrigung und SchmerzenLeopold von Sacher Masoch
13%
Großfürst der Kiewer Rus, initiierte die Christianisierung des Landes, heiratete Anna von ByzanzWladimir I.
13%
Amtierender Präsident der Ukraine, vorher Schauspieler und KomikerWolodymyr Selenskyj
13%
Schriftsteller: Solaris, Ijon Tichy Romane, EdenStanisław Lem
12%
Großfürstin der Kiewer Rus, Orthodoxe Heilige, Unterwarf die DrewlanenOlga von Kiew
10%
Kosakenhetman, führte einen Aufstand gegen Polen-Litauen und gründete einen Kosakenstaat, der an Russland angegliedert wurdeBohdan Chmelnyzkyj
4%
Sohn des obigen, genannt "Der Weise", besiegte die Petschnegen, wichtiger GesetzgeberJaroslaw der Weise
4%
Turnerin, 18x Medaillen (56-64, 9x Gold) bei Olympia, erfolgreichste Olympionikin aller ZeitenLarissa Latynina
4%

Verteilung der Resultate

Perzentil nach korrekt beantworteten Fragen

Anzahl Personen mit jedem Resultat

Ihre Resultats-Entwicklung

Sie haben dieses Quiz noch nicht gespielt